LEADER 03014oas 2201201 a 450 001 9910145987803321 005 20260114213013.0 011 $a1434-6079 035 $a(DE-599)ZDB1459071-2 035 $a(DE-599)1459071-2 035 $a(OCoLC)39166326 035 $a(CONSER) 2004233601 035 $a(CKB)954925624279 035 $a(EXLCZ)99954925624279 100 $a19980330a19989999 sy a 101 0 $aeng 135 $aurmnu|||||||| 181 $ctxt$2rdacontent 182 $cc$2rdamedia 183 $acr$2rdacarrier 200 14$aThe European physical journal$hD$iAtomic, molecular, and optical physics 210 $aHeidelberg $cSpringer-Verlag Heidelberg$dİ1998- 300 $aRefereed/Peer-reviewed 300 $aTitle from contents screen (Springer LINK, viewed Apr. 7, 2004). 311 08$a1434-6060 517 3 $aAtoms, molecules and optical physics 517 1 $aEPJ. 517 1 $aEur. phys. j. 517 1 $aEuropean physical journal. 517 3 $aAtomic, molecular, optical and plasma physics 606 $aAtoms$vPeriodicals 606 $aMolecules$vPeriodicals 606 $aOptics$vPeriodicals 606 $aPhysics$vPeriodicals 606 $aAtomes$vPe?riodiques 606 $aMole?cules$vPe?riodiques 606 $aOptique$vPe?riodiques 606 $aPhysique$vPe?riodiques 606 $a33.00 physics: general$2bcl 606 $aAtoms$2fast$3(OCoLC)fst00820656 606 $aMolecules$2fast$3(OCoLC)fst01024869 606 $aOptics$2fast$3(OCoLC)fst01046845 606 $aPhysics$2fast$3(OCoLC)fst01063025 606 $aNatuurkunde$2gtt 606 $a33.00 physics: general$2nbc 608 $aPeriodicals.$2fast 615 0$aAtoms 615 0$aMolecules 615 0$aOptics 615 0$aPhysics 615 6$aAtomes 615 6$aMole?cules 615 6$aOptique 615 6$aPhysique 615 7$a33.00 physics: general. 615 7$aAtoms. 615 7$aMolecules. 615 7$aOptics. 615 7$aPhysics. 615 17$aNatuurkunde. 615 7$a33.00 physics: general. 676 $a530 801 0$bRBN 801 1$bRBN 801 2$bMYG 801 2$bOCL 801 2$bOCLCQ 801 2$bTWT 801 2$bGUA 801 2$bOCLCQ 801 2$bRBN 801 2$bOCL 801 2$bOCLCQ 801 2$bUKMGB 801 2$bOCLCQ 801 2$bOCLCO 801 2$bOCLCQ 801 2$bOCLCF 801 2$bOCLCO 801 2$bOCLCQ 801 2$bOCLCE 801 2$bUMC 801 2$bOCLCO 801 2$bVT2 801 2$bOCLCO 801 2$bZAC 801 2$bEZC 801 2$bU3W 801 2$bDLC 801 2$bNJT 801 2$bWYU 801 2$bSFB 801 2$bDKU 801 2$bOCLCQ 801 2$bCNMTR 801 2$bSRU 801 2$bVLY 801 2$bOCLCO 801 2$bOCLCQ 906 $aJOURNAL 912 $a9910145987803321 996 $aThe European physical journal$91896345 997 $aUNINA